000 00276nam a2200109Ia 4500
100 _aPradeep B
245 0 _aRubberkrishiyilulla thaalparyam Keralathil kuranjittilla
260 _bRubber, 665(October):18-21
_c2021
650 _aRubber krishi
700 _aJacob J
942 _cJS
999 _c68286
_d68286